| 000 | 00739cab a2200229 4500 | ||
|---|---|---|---|
| 001 | ABS44730 | ||
| 008 | 090401t1991 xxu||||| |||| 00| 0 eng d | ||
| 035 | _a(Sirsi) u48805 | ||
| 041 | _aeng | ||
| 245 | _aClose to the edge | ||
| 260 | _c1991 | ||
| 350 | _a0 | ||
| 490 |
_aNew Builder _v(86) 13 June 1991, 16(1) |
||
| 520 | _aExamines the liabilities of being a company director and the acts which can lead to disqualification looking in particular at the construction industry . | ||
| 650 | _aCOMPANY DIRECTORS DISQUALIFICATION ACT 1986 | ||
| 650 | _aDIRECTORS | ||
| 650 | _aINSOLVENCY ACT 1986 | ||
| 650 | _aLIABILITY | ||
| 690 | _aMANAGEMENT-BUSINESS MANAGEMENT-PROFESSIONAL PRACTICE | ||
| 942 | _n0 | ||
| 948 | _c04/03/1997 | ||
| 999 |
_c30647 _d30647 |
||